The killing of a sacred deer / (Record no. 22691)

000 -LEADER
fixed length control field 00841nam a22002537a 4500
005 - DATE AND TIME OF LATEST TRANSACTION
control field 20260418115213.0
008 - FIXED-LENGTH DATA ELEMENTS--GENERAL INFORMATION
fixed length control field 260418b xxu||||| |||| 00| 0 eng d
040 ## - CATALOGING SOURCE
Transcribing agency Cagayan State University
082 ## - DEWEY DECIMAL CLASSIFICATION NUMBER
Classification number 791.4372
Item number K48
245 ## - TITLE STATEMENT
Title The killing of a sacred deer /
Statement of responsibility, etc Yorgos Lantinos, director ; Efthimis Flippou, writer ; Ed Guiney, Paula Hefferan, producers.
260 ## - PUBLICATION, DISTRIBUTION, ETC. (IMPRINT)
Place of publication, distribution, etc Cincinnati, Ohio :
Name of publisher, distributor, etc Element Pictures,
Date of publication, distribution, etc 2017.
300 ## - PHYSICAL DESCRIPTION
Extent 1 video file, (ca. 121 min.) ;
Other physical details sound and color.
650 ## - SUBJECT ADDED ENTRY--TOPICAL TERM
Topical term or geographic name as entry element Psychological drama.
650 ## - SUBJECT ADDED ENTRY--TOPICAL TERM
Topical term or geographic name as entry element Suspense mystery.
650 ## - SUBJECT ADDED ENTRY--TOPICAL TERM
Topical term or geographic name as entry element Drama.
650 ## - SUBJECT ADDED ENTRY--TOPICAL TERM
Topical term or geographic name as entry element Horror.
650 ## - SUBJECT ADDED ENTRY--TOPICAL TERM
Topical term or geographic name as entry element Mystery.
650 ## - SUBJECT ADDED ENTRY--TOPICAL TERM
Topical term or geographic name as entry element Thriller.
700 ## - ADDED ENTRY--PERSONAL NAME
Personal name Lanthimos, Yorgos, writer and producer.
700 ## - ADDED ENTRY--PERSONAL NAME
Personal name Bernson, Barry G., star.
700 ## - ADDED ENTRY--PERSONAL NAME
Personal name Caillouet, Herb, star.
700 ## - ADDED ENTRY--PERSONAL NAME
Personal name Camp, Bill, star.
942 ## - ADDED ENTRY ELEMENTS (KOHA)
Source of classification or shelving scheme
Item type Audio-Visual Materials

No copies available.

Cagayan State University University Library, Carig Campus
Tuguegarao City, Cagayan 3500 | www.csucarig.edu.ph

Powered by Koha